[Event "XXXVI Torneo Internacional de La Roda 2"]
[Site "La Roda (Albacete) - ESPAÑA"]
[Date "2009.04.12"]
[Round "8.9"]
[White "Ibarra Jerez, Jose Carlos"]
[Black "Ibarra Chami, Luis Fernando"]
[Result "1-0"]
[WhiteElo "2514"]
[BlackElo "2393"]
[PlyCount "127"]
[EventDate "2009.03.08"]

1. e4 c5 2. Nf3 d6 3. d4 cxd4 4. Nxd4 Nf6 5. Nc3 Bd7 6. Bg5 e6 7. Qd2 Be7 8. f3
a6 9. O-O-O Nc6 10. h4 Rc8 11. Kb1 Ne5 12. Bd3 h6 13. Be3 h5 14. Bg5 b5 15.
Rhe1 Nc4 16. Bxc4 Rxc4 17. Nce2 O-O 18. Ng3 Nh7 19. Bxe7 Qxe7 20. Nxh5 Rfc8 21.
c3 a5 22. Ne2 R4c6 23. Nhf4 Nf6 24. g4 e5 25. Ng2 Be6 26. Ne3 b4 27. Nf5 Qd7
28. Nxg7 bxc3 29. Nxc3 Kxg7 30. Qg5+ Kh7 31. Nd5 Ng8 32. Qh5+ Kg7 33. Qg5+ Kf8
34. h5 Bxd5 35. Rxd5 Qe6 36. Rxa5 Rc2 37. Rd5 Nf6 38. Rb5 Nh7 39. Qe3 Qf6 40.
a4 Ng5 41. Rf1 Ne6 42. Qa3 Nd4 43. Rb6 R8c6 44. a5 Qe6 45. Qb4 Qd7 46. f4 Qxg4
47. Rxc6 Rxc6 48. h6 Qg2 49. Re1 Qc2+ 50. Ka2 Qc5 51. Qa4 Ra6 52. h7 Kg7 53.
h8=Q+ Kxh8 54. Qe8+ Kg7 55. Rg1+ Kf6 56. Qd8+ Ke6 57. Qe8+ Kf6 58. Qd8+ Ke6 59.
f5+ Nxf5 60. exf5+ Kd5 61. Rd1+ Ke4 62. Qh4+ Kxf5 63. Qh3+ Kg6 64. Qg2+ 1-0

[Event "XXXVI Torneo Internacional de La Roda 2"]
[Site "La Roda (Albacete) - ESPAÑA"]
[Date "2009.04.12"]
[Round "8.12"]
[White "Larino Nieto, David"]
[Black "Valmana Canto, Jaime"]
[Result "1/2-1/2"]
[WhiteElo "2464"]
[BlackElo "2341"]
[PlyCount "135"]
[EventDate "2009.03.08"]

1. d4 Nf6 2. c3 e6 3. Bg5 h6 4. Bh4 b6 5. Nd2 Bb7 6. f3 d5 7. e3 Nbd7 8. f4 Be7
9. Bd3 g5 10. Bg3 Ne4 11. Nxe4 dxe4 12. Be2 Bd6 13. Nh3 Qe7 14. Qa4 Rg8 15.
fxg5 Bxg3+ 16. hxg3 hxg5 17. Nf2 Qd6 18. Bb5 O-O-O 19. g4 Kb8 20. O-O-O f5 21.
Rh6 f4 22. Bxd7 Rxd7 23. d5 Bxd5 24. Nxe4 Qf8 25. Nf6 Qxh6 26. Nxg8 Qg7 27. e4
Rd8 28. exd5 exd5 29. Re1 Qxg8 30. Kb1 Qh7+ 31. Qc2 Qxc2+ 32. Kxc2 Rh8 33. Re5
Rh2 34. Kb3 Rxg2 35. Rxg5 Kb7 36. Rg6 b5 37. g5 c6 38. Rf6 Rg4 39. a4 bxa4+ 40.
Kxa4 Kb6 41. g6 f3+ 42. Kb3 a5 43. Rxf3 Rxg6 44. Rf8 Rg4 45. Rb8+ Ka7 46. Rd8
Rc4 47. Rh8 a4+ 48. Ka3 Kb7 49. Rh3 Kb6 50. b3 axb3 51. Kxb3 Kc5 52. Rg3 Rh4
53. Rf3 Kb5 54. Rd3 Rg4 55. Rd4 Rg3 56. Rb4+ Kc5 57. Rh4 Kb6 58. Rh5 d4 59. Kc4
dxc3 60. Kb3 Rf3 61. Rg5 Rh3 62. Rf5 Kc7 63. Rg5 Kd6 64. Kc2 c5 65. Kb3 Rf3 66.
Rh5 Kc6 67. Rg5 Kb5 68. Rh5 1/2-1/2

[Event "XXXVI Torneo Internacional de La Roda 2"]
[Site "La Roda (Albacete) - ESPAÑA"]
[Date "2009.04.12"]
[Round "8.13"]
[White "Almagro Mazariegos, Sebastian"]
[Black "Rojas Keim, Luis"]
[Result "0-1"]
[WhiteElo "2271"]
[BlackElo "2444"]
[PlyCount "58"]
[EventDate "2009.03.08"]

1. e4 d5 2. exd5 Qxd5 3. Nc3 Qa5 4. d4 Nf6 5. Nf3 c6 6. Bc4 Bf5 7. Bd2 e6 8.
Nd5 Qd8 9. Nxf6+ gxf6 10. Bf4 Bd6 11. Bg3 Bxg3 12. hxg3 Qb6 13. Bb3 Nd7 14. Qe2
a5 15. a4 Qb4+ 16. Kf1 O-O-O 17. Rh4 Qb6 18. Nd2 Nf8 19. Nc4 Qc7 20. c3 Ng6 21.
Rh5 b6 22. Ne3 Be4 23. f3 Qxg3 24. Rh3 Qf4 25. Ng4 Bf5 26. Qa6+ Kd7 27. Qb7+
Ke8 28. Nxf6+ Kf8 29. Nh5 Qe3 0-1

[Event "XXXVI Torneo Internacional de La Roda 2"]
[Site "La Roda (Albacete) - ESPAÑA"]
[Date "2009.04.12"]
[Round "8.14"]
[White "Pogorelov, Ruslan"]
[Black "Pardo Simon, David"]
[Result "0-1"]
[WhiteElo "2420"]
[BlackElo "2289"]
[PlyCount "80"]
[EventDate "2009.03.08"]

1. Nf3 Nf6 2. c4 b6 3. g3 Bb7 4. Bg2 e6 5. O-O Be7 6. Nc3 c5 7. Re1 d6 8. e4 a6
9. d4 cxd4 10. Nxd4 Qc7 11. Be3 Nbd7 12. f4 O-O 13. Rc1 Rfe8 14. g4 Nc5 15. Bf2
g6 16. b4 Rad8 17. Qe2 Ncd7 18. Bf3 Nf8 19. g5 N6d7 20. Nd5 exd5 21. cxd5 Qb8
22. Nc6 Qa8 23. Bd4 Rc8 24. Nxe7+ Rxe7 25. Rxc8 Qxc8 26. Ba1 Qd8 27. Qb2 Ne5
28. fxe5 Rxe5 29. h4 h6 30. Qf2 Re8 31. gxh6 Nd7 32. Bg4 Ne5 33. Rf1 f5 34.
exf5 Nxg4 35. fxg6 Nxh6 36. Qf4 Qd7 37. Kh2 Bxd5 38. Qxh6 Re2+ 39. Kg3 Rg2+ 40.
Kf4 Qg4+ 0-1

[Event "XXXVI Torneo Internacional de La Roda 2"]
[Site "La Roda (Albacete) - ESPAÑA"]
[Date "2009.04.12"]
[Round "8.15"]
[White "Cori, Jorge"]
[Black "Chueca Forcen, Alberto"]
[Result "1-0"]
[WhiteElo "2418"]
[BlackElo "2271"]
[PlyCount "105"]
[EventDate "2009.03.08"]

1. e4 e5 2. Nf3 Nf6 3. Bc4 Bc5 4. Nc3 d6 5. d3 Be6 6. O-O Bxc4 7. dxc4 Nbd7 8.
a3 a5 9. Bg5 h6 10. Bxf6 Nxf6 11. Qe2 O-O 12. Rad1 Qe7 13. Nd5 Nxd5 14. Rxd5 f5
15. exf5 Rxf5 16. Nd2 Raf8 17. Ne4 Bd4 18. c3 c6 19. Rxa5 Bb6 20. Ra4 d5 21.
cxd5 cxd5 22. Qb5 Qe6 23. Rb4 Be3 24. Qe2 Bb6 25. Ng3 Rxf2 26. Rxf2 Bxf2+ 27.
Kh1 Qg6 28. Qd1 Bxg3 29. hxg3 Qxg3 30. Qxd5+ Kh8 31. Qd1 Qe3 32. Kh2 e4 33. Qg4
Qc5 34. Rxe4 Rf5 35. Re8+ Kh7 36. Qe4 Qd6+ 37. Kh3 Qg6 38. g4 Rf3+ 39. Kg2 Qxe4
40. Rxe4 Rf6 41. Re7 Rb6 42. b4 Kg6 43. a4 Kf6 44. Rc7 g5 45. a5 Rd6 46. Rxb7
Ke5 47. b5 Kf4 48. a6 Rd2+ 49. Kf1 Kxg4 50. a7 Ra2 51. b6 Kf3 52. Rf7+ Ke3 53.
Rf8 1-0

[Event "XXXVI Torneo Internacional de La Roda 2"]
[Site "La Roda (Albacete) - ESPAÑA"]
[Date "2009.04.12"]
[Round "8.17"]
[White "Dolezal, Cristian"]
[Black "Jimenez Martinez, Jose Vicente"]
[Result "1-0"]
[WhiteElo "2406"]
[BlackElo "2219"]
[PlyCount "91"]
[EventDate "2009.03.08"]

1. e4 d6 2. g3 g6 3. Bg2 Bg7 4. d4 Nf6 5. Ne2 O-O 6. O-O e5 7. Nbc3 Nc6 8. h3
Re8 9. d5 Nd4 10. Be3 Nxe2+ 11. Qxe2 Qe7 12. a4 Rf8 13. g4 a5 14. Ra3 c6 15.
Rd1 c5 16. Rb3 Ne8 17. Kh1 h6 18. Rg1 g5 19. Bf1 Qd7 20. Qd2 f6 21. Bb5 Qf7 22.
Nb1 Qc7 23. Na3 Rb8 24. Nc4 b6 25. Qe2 Kf7 26. Bd2 Ke7 27. Bxe8 Rxe8 28. Nxb6
Qa7 29. Nxc8+ Rexc8 30. Rgg3 c4 31. Rxb8 Rxb8 32. Qxc4 Rxb2 33. Kg2 Rb7 34. Rc3
Bf8 35. Qc8 Rd7 36. Be3 Qb7 37. Qc4 h5 38. Rb3 Qa8 39. Qc6 Qe8 40. c4 hxg4 41.
hxg4 Kf7 42. Rb5 Kg8 43. Rxa5 Qf7 44. Ra8 Kg7 45. a5 Rc7 46. Qxc7 1-0

[Event "XXXVI Torneo Internacional de La Roda 2"]
[Site "La Roda (Albacete) - ESPAÑA"]
[Date "2009.04.12"]
[Round "8.18"]
[White "Minaya, Juan"]
[Black "Antoli Royo, Joaquin Miguel"]
[Result "1/2-1/2"]
[WhiteElo "2246"]
[BlackElo "2416"]
[PlyCount "51"]
[EventDate "2009.03.08"]

1. Nf3 Nf6 2. c4 c6 3. Nc3 d5 4. e3 g6 5. b3 Bg7 6. Bb2 O-O 7. Be2 Re8 8. d4
Nbd7 9. cxd5 cxd5 10. O-O a6 11. Rc1 b6 12. Ne5 Bb7 13. Nd3 Qb8 14. Nf4 Qd6 15.
Rc2 Rad8 16. Qc1 e5 17. dxe5 Nxe5 18. Rd1 Bh6 19. Rd4 Nc6 20. Rxd5 Nxd5 21.
Ncxd5 Bg7 22. Ba3 Qe5 23. Bb2 Qd6 24. Ba3 Qe5 25. Bb2 Qd6 26. Ba3 1/2-1/2

[Event "XXXVI Torneo Internacional de La Roda 2"]
[Site "La Roda (Albacete) - ESPAÑA"]
[Date "2009.04.12"]
[Round "8.19"]
[White "Trepat Herranz, Joan"]
[Black "Cruz, Filemon"]
[Result "0-1"]
[WhiteElo "2251"]
[BlackElo "2411"]
[PlyCount "44"]
[EventDate "2009.03.08"]

1. d4 d5 2. c4 c6 3. Nf3 e6 4. e3 f5 5. Bd3 Nf6 6. Qc2 Bd6 7. cxd5 cxd5 8. Nc3
Nc6 9. a3 O-O 10. O-O Bd7 11. Ne1 g5 12. f3 Rc8 13. Qd1 Qe8 14. Nc2 Qh5 15. g3
Rf7 16. Bd2 f4 17. g4 Qh3 18. e4 Bc7 19. e5 Nxg4 20. fxg4 Qxd3 21. Rf3 Qg6 22.
Be1 h5 0-1

[Event "XXXVI Torneo Internacional de La Roda 2"]
[Site "La Roda (Albacete) - ESPAÑA"]
[Date "2009.04.12"]
[Round "8.20"]
[White "Alcaraz Ortega, Javier"]
[Black "Vehi Bach, Victor Manuel"]
[Result "1/2-1/2"]
[WhiteElo "2237"]
[BlackElo "2393"]
[PlyCount "74"]
[EventDate "2009.03.08"]

1. c4 c5 2. Nf3 g6 3. e4 Bg7 4. d4 cxd4 5. Nxd4 Nc6 6. Be3 Nf6 7. Nc3 d6 8. Be2
O-O 9. O-O Bd7 10. Qd2 Nxd4 11. Bxd4 Bc6 12. f3 a5 13. b3 Nd7 14. Be3 Nc5 15.
Rab1 Be5 16. a3 e6 17. b4 axb4 18. axb4 Ra3 19. bxc5 Bxc3 20. Qc1 Qa5 21. cxd6
Bb4 22. Ra1 Bxd6 23. Rxa3 Bxa3 24. Qe1 Bb4 25. Qa1 Ra8 26. Qxa5 Rxa5 27. Rb1
Bc5 28. Bxc5 Rxc5 29. Ra1 Bd7 30. Ra7 Bc8 31. Kf2 e5 32. Ke3 Kg7 33. g3 g5 34.
Kd3 Rc6 35. Ra5 Kf6 36. Kc3 b6 37. Rd5 Be6 1/2-1/2